000 01599cam a22003977a 4500
003 CHAP
005 20220329141809.0
008 971013s1979 r 00010 d
010 _a73967
011 _a74939
035 _a84498
040 _cCHAP
082 _a636.08
_bB3Y
100 0 0 _aBarrett, Mike A.
_910470
245 0 _aProdución lechera y de carne de res en los trópicos
_c/por M.A. Barret y P.J. Larkin
260 _aMéxico, D. F. :
_bDiana,
_c1979
300 _a301 p.
_b; láms. : ilus. ; mapas ; gráfs.
500 _aTrad. de : Milk and beef production in the tropics
590 _aBATCH-UPD
_b10
_c20130110
_lUCH01
_h0344
590 _aBATCH-UPD
_b10
_c20130110
_lUCH01
_h1959
590 _aBATCH-UPD
_b10
_c20130410
_lUCH01
_h0017
590 _aBATCH-UPD
_b10
_c20130914
_lUCH01
_h0541
590 _aCONVERSION
_b10
_c20130109
_lUCH01
_h1340
650 1 4 _aCarne de res
_xProducción.
_919222
650 1 4 _aGanadería
_xTrópicos.
_944856
650 1 4 _aLeche
_xProducción.
_965400
700 0 _aLarkin, Peter J.
_964937
901 _aBK
942 _cLIBRO
949 _a636.08 B3Y
_bBC
_cLIBRO
_d-39859
_eLIBRO
_h38413
_i84498
_si
_t200.00
949 _a636.08 B3Y
_bBC
_cLIBRO
_d-39860
_eLIBRO
_fc.2
_h38414
_i84498
_si
_t200.00
949 _a636.08 B3Y
_bBC
_cLIBRO
_d33724000224093
_eLIBRO
_fc.3
_h53369
_i84498
_si
_t200.00
949 _a636.08 B3Y
_bBC
_cLIBRO
_d33724000251716
_eLIBRO
_fc.4
_h53370
_i84498
_si
_t200.00
949 _a636.08 B3Y
_bBC
_cLIBRO
_d33724000251724
_eLIBRO
_fc.5
_h53371
_i84498
_si
_t200.00
949 _a636.08 B3Y
_bBC
_cLIBRO
_d33724000882635
_eLIBRO
_fc.6
_gDonaciØn
_h103246
_i84498
_si
999 _c73967
_d73967